| 000 | 01272nam a2200253Ia 4500 | ||
|---|---|---|---|
| 999 |
_c43213 _d43213 |
||
| 001 | 9938 | ||
| 003 | GE_BSU | ||
| 005 | 20250423160024.0 | ||
| 008 | 181216s2014||||ge |||||||||||||| ||geo|| | ||
| 020 | _a9789941434730 | ||
| 040 | _cGE_BSU | ||
| 041 | _ageo | ||
| 080 | _a574.4(075.8)+502.1 გ-44 | ||
| 100 |
_aგვარიშვილი, ნანი _910293 |
||
| 245 |
_aხმელეთის ეკოსისტემები : _bსახელმძღვანელო / _c ნანი გვარიშვილი, რედ.მურმან დავითაძე |
||
| 264 |
_aბათუმი: _bბათუმის შოთა რუსთაველის სახელმეიფო უნ-ტის გამ-ბა, _c2014. |
||
| 300 |
_a274 გვ.: _bილ; _c26 სმ. |
||
| 504 | _aბიბლიოგრაფ:გვ.272-274 | ||
| 653 | _aხმელეთის ეკოსისტემები. | ||
| 653 | _aბიოლოგია | ||
| 700 |
_aდავითაძე, მურამან _eრედაქტორი _924918 |
||
| 710 |
_aბათუმის შოთა რუსთაველის სახელმეიფო უნივერსიტეტი _924919 |
||
| 942 |
_cBK _2udc |
||